Представление документа в формате MARC21

Поле Инд. ПП Название Значение
Тип записи a
Библиографический уровень m
001 Контрольный номер RU/IS/BASE/447409558
005 Дата корректировки 20150513113522.9
020 a ISBN 978-5-87237-903-4
040 a Служба первич. каталог. НБ ТвГУ
b Код языка каталог. rus
e Правила каталог. PSBO
041 0_ a Код языка текста rus
080 a Индекс УДК 94(470.13):63
084 a Индекс другой классификации/Индекс ББК Т3(2)6-21
084 a Индекс другой классификации/Индекс ББК Т3(2Рос.Ком)6-21
090 a Полочн. индекс Т3(2)6
x Авторский знак К 14
100 1_ a Автор Казакова Карина Ацамазовна
q Полное имя Казакова К. А.
245 00 a Заглавие Сельское хозяйство в лагерях ГУЛАГа на территории Коми АССР в 1930-1950-е гг.: этапы развития, спецификак, кадровый состав, эффективность
c Ответственность М-во образования и науки РФ, ФГБОУ ВПО "Сыктывкар. гос. ун-т"
260 a Место издания Сыктывкар
b Издательство Сыктывкарский госуниверситет
c Дата издания 2013
300 a Объем 236 с.
b Иллюстрации/ тип воспроизводства ил., табл., факс.
504 a Библиография Библиогр.: с. 196-199, с. 200-207 (201 назв.) и в подстроч. примеч.
520 a Аннотация В книге прослежена динамика развития сельскохозяйственного производства в лагерях ГУЛАГа в Коми АССР, исследованы особенности формирования лагерных сельхозотделений и направления сельскохозяйственного производства в них, выявлена роль репрессированных учёных-биологов в становлении сельскохозяйственного производства в ИТЛ, проанализировано значение опыта сельхозов ГУЛАГа для модернизации сельскохозяйственного производства в Коми АССР.Книга может быть полезна исследователям и студентам, изучающим историю России XX века, региональную историю, феномен ГУЛАГа, проблемы лагерной экономики, вопросы модернизации.
653 a Ключевые слова 1930-1950 гг.
a Ключевые слова ГУЛАГ
a Ключевые слова Исправительно-трудовые лагеря
a Ключевые слова История России
a Ключевые слова Коми АССР, республика
a Ключевые слова Лагеря
a Ключевые слова Репрессии
a Ключевые слова Репрессированные
a Ключевые слова Россия
a Ключевые слова Сельское хозяйство
a Ключевые слова Сельхозы
901 t Тип документа m
920 a Оператор Поля
a Оператор Суха
a Оператор Густ
a Оператор Стро
930 a Новая/Ретро новая
952 c Вид литературы К рн
954 a Дата поступления на обработку 20140313
c Дата окончания ОНО 20140319
b Дата поступления в ОК 20140306